Energy in a finite world 2 <a> global systems analysis
Saved in:
| Format: | Book |
|---|---|
| Language: | English |
| Published: |
Cambridge
Ballinger Pub. Co.
1981
|
| Tags: |
No Tags, Be the first to tag this record!
|
MARC
| LEADER | 00000nam a2200000 4500 | ||
|---|---|---|---|
| 001 | c130230 | ||
| 005 | 20221207065027.7 | ||
| 041 | 0 | |a eng | |
| 044 | |a US | ||
| 245 | 1 | 0 | |a Energy in a finite world 2 |b <a> global systems analysis |
| 264 | 1 | |a Cambridge |b Ballinger Pub. Co. |c 1981 | |
| 300 | |a 837 s. | ||